|
|
|
|
| LEADER |
00000cjm a2200000 a 4500 |
| 001 |
1/121234 |
| 008 |
200410s1990####gr |||||| ||||| gre|| |
| 020 |
|
|
|a 9602200413
|
| 028 |
0 |
2 |
|a 1
|b G.M.A.
|
| 040 |
|
|
|a GR-MyUa
|b gre
|c GR-MyUa
|e AACR2
|
| 041 |
0 |
|
|d gre
|e gre
|
| 082 |
7 |
|
|a 781.62
|2 (23)
|
| 100 |
1 |
|
|a Κοντός, Κώστας Δ.
|
| 245 |
1 |
0 |
|a Σύμη
|h [ηχογράφηση] :
|b τραγούδια και σκοποί της Σύμης /
|c τραγουδά ο Κώστας Λ. Κοντός.
|
| 260 |
|
|
|a [Αθήνα;] :
|b G.M.A.,
|c 1990.
|
| 300 |
|
|
|a 1 μουσική κασέτα :
|b αναλογ., στέρεο ;
|c 1/2 ίν. +
|e θήκη.
|
| 500 |
|
|
|a Σειρά Αυτοτελών Εκδόσεων αριθμ. 1.
|
| 500 |
|
|
|a Αναγράφονται τα τραγούδια στη θήκη.
|
| 505 |
8 |
|
|a Α’ πλευρά : 1. Ποταμός (Ήχος βαρύς επτάφωνος), 2. Παπαρούνες (Ήχος πρώτος μεσάζων-πρωτοβαρύς), 3. Παινέματα της νύφης (Ήχος τρίτος), 4. Ζεϊμπέκικος (Ήχος πρώτος). -- Β΄πλευρά : 1. Μελαχροινό (Ήχος τρίτος), 2. Τραγούδι του αποχωρισμού (Ήχος πλάγιος του πρώτου τετράφωνος), 3. Παινέματα του γαμπρού (Ήχος τρίτος), 4. Σούστα Σύμης (Ήχος πλάγιος του τετάρτου).
|
| 508 |
|
|
|a Παίζουν οι μουσικοί : Εμμανουήλ Καρπάθιος (κανονάκι), Κώστας Κοντός (βιολί), Γιώργος Λυκούρας (ούτι), Μιχάλης Μιχόπουλος (λαούτο). Φιλική συμμετοχή : Γιώργος Κουφογιαννάκης.
|
| 511 |
0 |
|
|a Tραγουδά ο Κώστας Λ. Κοντός
|
| 520 |
8 |
|
|a Περιέχει τραγούδια της παράδοσης της Σύμης.
|
| 650 |
|
0 |
|a Folk songs
|z Greece
|z Dodekanesos.
|
| 650 |
|
0 |
|a Folk music
|z Greece
|z Dodekanesos.
|
| 650 |
|
0 |
|a Folk dance music
|z Greece.
|
| 651 |
|
0 |
|a Syme (Greece)
|
| 710 |
2 |
|
|a Λαογραφικόν αρχείον Σύμης.
|
| 920 |
|
|
|a Δωρεά βιβλιοθήκης
|y Ρόδος
|z 2020-04
|
| 970 |
|
|
|a Μαρία
|b Κωτάκου
|z 10-04-2020
|